[Event "Madrid San Viator op-B 31st"]
[Site "Madrid"]
[Date "2019.11.10"]
[Round "8"]
[White "Gregorio Guerrero, Ivan"]
[Black "Duran Andres, Rodrigo"]
[Result "1-0"]
[WhiteElo "1479"]
[BlackElo "1460"]
[PlyCount "87"]
[EventDate "2019.09.08"]
[EventType "swiss"]
[EventRounds "9"]
[EventCountry "ESP"]
[SourceTitle "EXT 2022"]
[Source "ChessBase"]
[SourceDate "2021.10.06"]
[SourceVersion "1"]
[SourceVersionDate "2021.10.06"]
[SourceQuality "1"]

1. c4 g6 2. g3 Bg7 3. Bg2 Nf6 4. Nf3 d6 5. Nc3 c5 6. d3 Nc6 7. Rb1 0-0 8. 0-0 Rb8 9. a3 a5 10. Ng5 Nd4 11. e3 Nc6 12. Nge4 Be6 13. Nxf6+ Bxf6 14. Bd2 Qd7 15. Nd5 Bg7 16. Bc3 b5 17. Bxg7 Kxg7 18. b3 Rb7 19. Nc3 bxc4 20. bxc4 Rxb1 21. Qxb1 Rb8 22. Qa1 f6 23. Rb1 Rxb1+ 24. Qxb1 Ne5 25. Nd5 Bf5 26. e4 Be6 27. f4 Nc6 28. Qb6 Kf7 29. Nc7 a4 30. Nxe6 Kxe6 31. e5 Nd4 32. Bd5+ Kf5 33. Bg2 Kg4 34. Bb7 Kh5 35. exd6 exd6 36. Qa6 Qh3 37. Bg2 Ne2+ 38. Kf1 Qg4 39. Qxd6 Nd4 40. Qxc5+ Nf5 41. Kf2 Kh6 42. Qf8+ Ng7 43. Qxf6 Qd1 44. Qg5# 1-0

[Event "Madrid San Viator op-B 31st"]
[Site "Madrid"]
[Date "2019.10.06"]
[Round "4"]
[White "Duran Andres, Rodrigo"]
[Black "Navarro Gonzalez, Jaime"]
[Result "0-1"]
[WhiteElo "1460"]
[BlackElo "1695"]
[PlyCount "118"]
[EventDate "2019.09.08"]
[EventType "swiss"]
[EventRounds "9"]
[EventCountry "ESP"]
[SourceTitle "EXT 2022"]
[Source "ChessBase"]
[SourceDate "2021.10.06"]
[SourceVersion "1"]
[SourceVersionDate "2021.10.06"]
[SourceQuality "1"]

1. c4 Nf6 2. Nc3 e6 3. Nf3 d5 4. d4 c5 5. h3 Nc6 6. Bf4 Bd6 7. Bxd6 Qxd6 8. e3 0-0 9. Bd3 a6 10. 0-0 dxc4 11. Bxc4 b5 12. Be2 Bb7 13. a3 Rfd8 14. dxc5 Qxc5 15. Qb3 Ne7 16. Rac1 Qa7 17. Rfd1 Ned5 18. Nxd5 Bxd5 19. Qb4 Rac8 20. Qa5 Qb7 21. Qb4 h6 22. Qa5 Rd7 23. a4 Rdc7 24. Rxc7 Rxc7 25. axb5 axb5 26. Bxb5 Rc5 27. Qd8+ Kh7 28. Bd3+ Be4 29. Qd4 Qd5 30. Qxd5 exd5 31. Nd4 Bxd3 32. Rxd3 Rc1+ 33. Kh2 Ne4 34. f3 Ng5 35. h4 Ne6 36. Nxe6 fxe6 37. Rb3 Kg6 38. Kg3 Rc2 39. Rb6 Kf6 40. Kh3 Re2 41. Rb3 e5 42. g4 d4 43. exd4 exd4 44. Rd3 Ke5 45. b3 Rc2 46. Rd1 Rc3 47. Kg2 Rxb3 48. f4+ Ke4 49. g5 hxg5 50. fxg5 g6 51. h5 gxh5 52. Kh2 d3 53. g6 Rb7 54. Kh3 Rg7 55. Rg1 d2 56. Kh4 Rxg6 57. Rxg6 d1Q 58. Rg3 Kf4 59. Rf3+ Kxf3 0-1

[Event "Alcorcon Spring op-B 1st"]
[Site "Alcorcon"]
[Date "2019.04.07"]
[Round "3"]
[White "Roldan Hernando, Ismael"]
[Black "Duran Andres, Rodrigo"]
[Result "0-1"]
[WhiteElo "1738"]
[BlackElo "1587"]
[PlyCount "78"]
[EventDate "2019.03.24"]
[EventType "swiss"]
[EventRounds "9"]
[EventCountry "ESP"]
[SourceTitle "EXT 2020"]
[Source "ChessBase"]
[SourceDate "2019.10.17"]
[SourceVersion "1"]
[SourceVersionDate "2019.10.17"]
[SourceQuality "1"]

1. c4 c5 2. g3 Nc6 3. Bg2 g6 4. Nc3 Bg7 5. e4 Rb8 6. Nge2 a6 7. d3 b5 8. Qc2 Qc7 9. 0-0 Nf6 10. Rb1 d6 11. Nf4 bxc4 12. dxc4 Nb4 13. Ncd5 Nfxd5 14. Nxd5 Nxc2 15. Nxc7+ Kd7 16. Nd5 Na3 17. Bh6 Nxb1 18. Bxg7 Rg8 19. Rxb1 Rxg7 20. b3 Bb7 21. Bh3+ e6 22. Rd1 Bxd5 23. exd5 f5 24. f4 Re8 25. Kf2 e5 26. fxe5 Rxe5 27. Bg2 Rge7 28. Bf3 Re3 29. Rd2 Re1 30. Be2 Ra1 31. Rc2 Kc7 32. Kf3 Re4 33. Bd3 Rd4 34. Be2 Kb6 35. h3 Ka5 36. g4 fxg4+ 37. hxg4 Kb4 38. Kg3 g5 39. Kf3 Ka3 0-1

[Event "Madrid San Viator op-B 30th"]
[Site "Madrid"]
[Date "2018.05.20"]
[Round "6"]
[White "Baranco Gonzalez, Nicolas"]
[Black "Duran Andres, Rodrigo"]
[Result "0-1"]
[WhiteElo "1547"]
[BlackElo "1413"]
[PlyCount "102"]
[EventDate "2018.04.08"]
[EventType "swiss"]
[EventRounds "9"]
[EventCountry "ESP"]
[SourceTitle "EXT 2019"]
[Source "ChessBase"]
[SourceDate "2018.10.10"]
[SourceVersion "1"]
[SourceVersionDate "2018.10.10"]
[SourceQuality "1"]

1. e4 g6 2. Nf3 d6 3. Nc3 Bg7 4. d4 Nd7 5. h3 b6 6. Bb5 Bb7 7. Bxd7+ Qxd7 8. 0-0 0-0-0 9. Qd3 e5 10. d5 f5 11. a4 Nf6 12. Bg5 h6 13. Bxf6 Bxf6 14. a5 Kb8 15. b4 Rhg8 16. Ra3 b5 17. Qxb5 Qxb5 18. Nxb5 Ba6 19. c4 fxe4 20. Nd2 Rdf8 21. Nxe4 Bh4 22. g3 Be7 23. Rb1 h5 24. Nd2 h4 25. g4 Rf4 26. Rf3 Rgf8 27. Rxf4 Rxf4 28. Na3 Rd4 29. Nb3 Rd3 30. b5 Bc8 31. Kg2 Rc3 32. a6 Bd7 33. Rb2 Bg5 34. Kh2 Bf4+ 35. Kg2 Kc8 36. Nb1 Rxc4 37. Na5 Rc5 38. Nc6 Bxc6 39. dxc6 d5 40. Kf3 g5 41. Ke2 e4 42. f3 Rc1 43. fxe4 Rh1 44. Kd3 Rxh3+ 45. Kd4 dxe4 46. Kxe4 Re3+ 47. Kf5 Re5+ 48. Kf6 h3 49. Rb3 Re3 50. Nc3 h2 51. Rb1 Bg3 0-1

[Event "Madrid San Viator op-B 30th"]
[Site "Madrid"]
[Date "2018.04.08"]
[Round "1"]
[White "Martinez Pintor, Juan"]
[Black "Duran Andres, Rodrigo"]
[Result "0-1"]
[WhiteElo "1658"]
[BlackElo "1413"]
[PlyCount "94"]
[EventDate "2018.04.08"]
[EventType "swiss"]
[EventRounds "9"]
[EventCountry "ESP"]
[SourceTitle "EXT 2019"]
[Source "ChessBase"]
[SourceDate "2018.10.10"]
[SourceVersion "1"]
[SourceVersionDate "2018.10.10"]
[SourceQuality "1"]

1. d4 Nf6 2. c4 g6 3. Nc3 Bg7 4. e4 d6 5. f3 0-0 6. Be3 e5 7. Nge2 Nc6 8. d5 Ne7 9. Qd2 Nd7 10. g4 f5 11. gxf5 gxf5 12. Bh6 Ng6 13. Bg5 Bf6 14. Bxf6 Qxf6 15. 0-0-0 a6 16. Bh3 f4 17. Bf5 b5 18. cxb5 axb5 19. Kb1 Rb8 20. b4 Nb6 21. Bxc8 Nc4 22. Be6+ Kh8 23. Qd3 Qe7 24. Rc1 Na3+ 25. Ka1 Rb7 26. Bf5 Nh4 27. Bg4 Ra8 28. Rhg1 Rba7 29. Rcd1 Nc4 30. Rb1 Qe8 31. Be6 Ng6 32. h4 Ra3 33. h5 Ne7 34. Nxf4 exf4 35. Qd4+ Ne5 36. Rb2 Qxh5 37. Bg4 Qe8 38. Rh2 N7g6 39. Bh5 Kg7 40. Bxg6 hxg6 41. Rgh1 Qg8 42. Rc2 Qb8 43. Rh3 R8a6 44. Qd2 Qf8 45. Qh2 g5 46. Rh7+ Kg6 47. Qh6+ Qxh6 0-1

[Event "Madrid San Viator op-B 28th"]
[Site "Madrid"]
[Date "2017.05.21"]
[Round "7"]
[White "Duran Andres, Rodrigo"]
[Black "Jarne Anguita, Miguel"]
[Result "1/2-1/2"]
[WhiteElo "1207"]
[BlackElo "1463"]
[PlyCount "92"]
[EventDate "2017.03.26"]
[EventType "swiss"]
[EventRounds "9"]
[EventCountry "ESP"]
[SourceTitle "EXT 2019"]
[Source "ChessBase"]
[SourceDate "2018.10.10"]
[SourceVersion "1"]
[SourceVersionDate "2018.10.10"]
[SourceQuality "1"]

1. e4 c5 2. Nc3 d6 3. d3 Nf6 4. g3 g6 5. Bg2 Bg7 6. f4 Nc6 7. Nf3 0-0 8. h3 e5 9. fxe5 Nxe5 10. Be3 b6 11. Nxe5 dxe5 12. Bg5 Qd6 13. Qd2 Be6 14. h4 c4 15. 0-0-0 a6 16. dxc4 Qxd2+ 17. Rxd2 Bxc4 18. Bf3 h5 19. Rd6 Nh7 20. Rxb6 Nxg5 21. hxg5 Rab8 22. Rxb8 Rxb8 23. Rd1 Bf8 24. Nd5 Rc8 25. Nb6 Rc7 26. Nxc4 Rxc4 27. Rd8 Kg7 28. Rd5 Rc5 29. Kd2 Be7 30. Rxc5 Bxc5 31. g4 h4 32. a3 Kf8 33. Kd3 Ke7 34. Kc4 Kd6 35. b4 Be3 36. a4 Kc6 37. b5+ axb5+ 38. axb5+ Kb6 39. Kd5 Kxb5 40. Kxe5 Bxg5 41. Kd4 Kc6 42. e5+ Kd7 43. c4 f6 44. c5 fxe5+ 45. Kxe5 Be3 46. c6+ Kc7 1/2-1/2